Los cinco junto al mar / (Registro nro. 8385)

Detalles MARC
000 -LIDER
fixed length control field 00897nam a22003137a 4500
001 - NÚMERO DE CONTROL
Identificador de número de control 0074
003 - IDENTIFICACDOR DE NÚMERO DE CONTROL
control field DO-SdBNP
005 - DATE AND TIME OF LATEST TRANSACTION
control field 20180119091521.0
007 - CAMPOS FIJOS DE DESCRIPCIÓN FÍSICA
fixed length control field 0074
008 - ELEMENTOS DE LONGITUD FIJA
fixed length control field 151015b sp 1986 xxu||||| |||| 00| 0 spa d
020 ## - ISBN
International Standard Book Number 8426109586
040 ## - FUENTE DE CATALOGACIÓN
Agencia que crea de manera original el registro BPMSU
Idioma de catalogación spa
Agencia que realiza la transcripción BPMSU
092 ## - LOCALLY ASSIGNED DEWEY DECIMAL CALL NUMBER
Número de clasificación xxxxxxx
Número de ítem (Cutter) xxxxxxx
100 14 - ASIENTO PRINCIPAL -- NOMBRE PERSONAL
Nombre personal Blyton, Enid
240 10 - TITULO UNIFORME
Título uniforme Five go down to the sea /
Idioma de una obra eng
245 ## - MENCIÓN DE TITULO
Título Los cinco junto al mar /
Mención de responsabilidad Enid Blyton ; traducción Isabel Ulsamer ; ilustración José Correas
250 ## - MENCIÓN DE EDICION
Mención de edición 12a ed.
260 ## - PUBLICACIÓN, DISTRIBUCIÓN, ETC. (PIE DE IMPRENTA)
Lugar de publicación, distribución, etc Barcelona, España :
Nombre del editor, distribuidor, etc. Juventud,
Fecha de publicación, distribución, etc 1986
300 ## - DESCRIPCIÓN FÍSICA
Extensión 159 p. :
Otros detalles físicos il.,
Dimensiones 20 cm.
490 ## - MENCIÓN DE SERIES
Mención de serie Los cinco
Volume/sequential designation 35
490 ## - MENCIÓN DE SERIES
Mención de serie Juventud
Volume/sequential designation 35
700 10 - ASIENTO SECUNDARIO -- NOMBRE PERSONAL
Nombre personal Ulsamer, Isabel,
Mención de responsabilidad tr.
700 10 - ASIENTO SECUNDARIO -- NOMBRE PERSONAL
Nombre personal Correas, José,
Mención de responsabilidad il.
830 ## - ASIENTO SECUNDARIO DE SERIE--TÍTULO UNIFORME
Título uniforme Los cinco
Número de la parte o sección de una obra 35
830 ## - ASIENTO SECUNDARIO DE SERIE--TÍTULO UNIFORME
Título uniforme Juventud
Número de la parte o sección de una obra 35
942 ## - ADDED ENTRY ELEMENTS (KOHA)
Source of classification or shelving scheme Dewey Decimal Classification
Koha item type Libros
945 ## - INFORMACIÓN DE PROCESAMIENTO LOCAL
Información de procesamiento local Inventariado, 2018 / YL
956 ## - LOCAL ELECTRONIC LOCATION AND ACCESS (OCLC)
Nombre de host Brenda Tavárez
Número de acceso 10
Información de compresión BPMSU
Existencias
Withdrawn status Lost status Source of classification or shelving scheme Damaged status Not for loan Home library Current library Date acquired Source of acquisition Total Checkouts Barcode Date last seen Price effective from Koha item type
    Dewey Decimal Classification     Biblioteca Pública Metropolitana Salomé Ureña Biblioteca Pública Metropolitana Salomé Ureña 10/15/2015 Donación   BPMSU15100113 10/15/2015 10/15/2015 Libros